L'Iran pour les touristes... - Facile - Statistiques

Statistiques générales
  • Ce quiz a été pris 42 fois
  • Le résultat moyen est 11 sur 20
Statistiques - réponses
Question Indice Réponses Indice facile % Correct
Quelle est la langue officielle ? Persan
97%
Achats à faire 2/ Tapis... Persan PANSER
97%
Code sur les plaques minéralogiques IR
87%
Le suffixe internet est ir
87%
La religion majoritaire est Islam I
87%
Combien d'heures (environ) mettrez-vous pour vous y rendre ? (en chiffres) 6
82%
Achats à faire 4/ Epice rouge Safran FRASAN
79%
Le principal aéroport est T Téhéran
79%
Comment se nomme la principale compagnie aérienne locale I A Iran Air RAIRAIN
76%
Achats à faire 1/ Oeufs de poisson Caviar CAVARI
74%
Quelle est la monnaie ? Rial R
66%
Quelles sont les principaux lieux touristiques ? U Ruines de {Persépolis} PROLEPSESI
50%
Quelles sont les principaux lieux touristiques ? M {Chiraz} CHAIRZ
42%
Dans la capitale quel est le décalage horaire avec Paris ? (+ ou - et chiffre) ex - 10 ou + 3,5 + 1,5
32%
Quel est le climat local ? C Continental
32%
Quelles sont les principaux lieux touristiques ? M {Ispahan} HANAPSI
32%
Achats à faire 3/ Fruits secs Pistaches SCAPHITES
29%
Quelles sont les principaux lieux touristiques ? B {Kashan} SHANAK
13%
Quel est le régime du pays ? R T République théocratique
5%
Quelles sont les principaux lieux touristiques ? J Désert de {Maranjab} AJBARMAN
0%
Aucun quiz correspondant
Distribution des résultats
% des personnes avec chaque résultat
Percentile par nombre de réponses
Votre historique - résultats
Vous n’avez pas pris ce quiz